[Event "Nordic-ch VISA"]
[Site "Reykjavik"]
[Date "1997.10.17"]
[Round "9"]
[White "Hansen, Curt"]
[Black "Hjartarson, Johann"]
[Result "0-1"]
[WhiteElo "2600"]
[BlackElo "2605"]
[Annotator "Ribli,Z"]
[PlyCount "90"]
[EventDate "1997.10.08"]
[EventType "tourn"]
[EventRounds "13"]
[EventCountry "ISL"]
[EventCategory "10"]
[SourceTitle "CBM 062"]
[Source "ChessBase"]
[SourceDate "1998.01.31"]
[SourceVersion "1"]
[SourceVersionDate "1998.01.31"]
[SourceQuality "1"]

1. c4 {Hjartarson} e5 2. Nc3 Nc6 3. Nf3 Nf6 4. g3 Nd4 {Eine relativ seltene
Variante. Heutzutage wird die Drachenvariante mit vertauschten Farben - nach 4.
..d5 5.cxd5 Nxd5 - häufig gespielt. Ribli.} 5. Bg2 Nxf3+ 6. Bxf3 Bb4 (6... Bc5)
7. Qb3 Bc5 8. d3 (8. Na4 Be7 9. O-O O-O 10. Rd1 c6 11. Nc3 d6 12. d4 Qc7 13.
Qc2 Bh3 14. b3 h6 15. Bb2 Nh7 16. c5 Ng5 17. cxd6 Nxf3+ 18. exf3 {1/2-1/2
Gulko,B-Nikolic,P/Rubinstein mem 1996/CBM 55}) 8... O-O 9. O-O (9. Bg5 h6 10.
Bxf6 Qxf6 11. Ne4 Qe7 12. Nxc5 Qxc5 13. O-O d6 14. Qc3 a5 15. Rfd1 {1/2-1/2
Gheorghiu,F-Smejkal,J/EU-chT 1977}) 9... Re8 $5 $146 (9... c6 10. Bg2 (10. Na4
Be7 11. c5 d5 12. cxd6 Bxd6 13. Be3 Qe7 14. Rac1 Be6 15. Qc2 Bd5 16. Bg2 Rfc8
$11 {0-1 Silseth,S-Leito,P/Ringsted op 1992 (46)}) 10... Re8 11. Bd2 Bb6 12.
Qc2 h6 13. Na4 Bc7 14. Rac1 d6 15. b4 Bd7 16. Nc3 Qc8 17. Rfe1 Bh3 18. Bh1 a6
19. a4 a5 $13 {Portisch,L-Huebner,R/Abano Therme csf 1980/CAND/1/2-1/2 (38)}) (
9... a6 10. a3 d6 11. Bg2 Rb8 12. Qc2 Be6 13. b4 $6 (13. Bg5 $1 h6 14. Bxf6
Qxf6 15. Ne4 Qe7 16. Nxc5 dxc5 17. b4 $1 $14 {Damljanovic,B}) 13... Ba7 14. Bg5
h6 15. Bxf6 Qxf6 16. c5 dxc5 17. Ne4 Qe7 18. Nxc5 Bxc5 $1 19. bxc5 Rfd8 $13 {
1/2-1/2 Skembris,S-Drasko,M/Jagodina 1994 (36) /\ Bd5}) 10. Bd2 (10. Bg5 h6 11.
Bxf6 Qxf6 12. Ne4 Qe7 13. Nxc5 Qxc5 14. Qc3 a5 $11 {Schwarz hat noch einige
Probleme mit der Entwicklung des Läufers, aber er kontrolliert den wichtigsten
Feldern und hat daher eine ausgeglichene Stellung. Ribli.}) 10... c6 {Das ist
ein Schlüsselzug der Variante. Schwarz neutralisiert den weißen f3-Läufer.
Ribli.} 11. Rac1 h6 12. Qa4 (12. Na4 Bf8 13. c5) 12... Bf8 {Schwarz verteidigt
sich gegen den drohenden Zug 13.b4. Ribli.} 13. Rfd1 (13. b4 {Hjartarson} d5 $1
14. cxd5 cxd5 $11 15. Nxd5 $140 $4 Nxd5 16. Bxd5 Qxd5 17. Qxe8 Bh3 18. e4 Qxd3
$19) 13... d6 (13... d5 $6 {Hjartarson} 14. cxd5 cxd5 15. Qb3 $1 (15. Nb5 Bd7
16. Qb3 Bc6 $11) (15. Nxd5 Nxd5 16. Bxd5 Qxd5 17. Qxe8 Bh3 $19) 15... d4 16.
Nd5 Be6 17. Nxf6+ Qxf6 18. Qxb7 Bxa2 19. b4 $14) 14. b4 Bg4 $11 {Weiß hat
teoretisch Initiative am Damenflügel,aber Schwarz ist stark im Zentrum und hat
eine feste Stellung. Dadurch ist die Stellung im Gleichgewicht. Ribli.} 15.
Bxg4 (15. Bg2 Qd7 $11 (15... a6 $11 {Hjartarson})) 15... Nxg4 16. b5 Qd7 (16...
c5 $2 {[%csl Rd5]} 17. Nd5 $14 {[%csl Gd5]}) (16... Qb6 $4 {Hjartarson} 17. c5
$18) 17. bxc6 bxc6 18. f3 {Weiß hat Angst vor der Möglichkeit 18...f5,
vertreibt daher zunächst den gegnerischen Springer. Ribli.} (18. Rb1 f5 19. f3
Nf6) 18... Nf6 19. Rb1 {[%cal Gb1b8]} (19. e4 $11 {Hjartarson}) 19... Rec8 {
Schwarz verteidigt den c6-Bauern mit dem Turm, und befreit so seine Dame.
Ribli.} 20. Kg2 (20. Rb3 Qe6 21. Rdb1 d5 $11) 20... Qe6 21. Rb7 d5 {Weiß hat
aktiven Turm in der b-Linie, aber Schwarz verfügt jedoch über Übergewicht im
Zentrum. Ribli.} 22. cxd5 cxd5 23. Qb3 (23. Rxa7 Rxa7 24. Qxa7 e4 $44 (24...
Qc6 25. Qf2 $14) (24... Bc5 25. Qb7 $14) (24... d4 25. Ne4 Nxe4 26. dxe4 Rc2
$44 (26... Rc2 {Hjartarson} 27. a4 Qb3 $1 (27... Qa2 28. Qa5 $8) 28. Kf1 Ra2
$15))) 23... Rc6 24. Rb1 a6 25. Rb2 Rac8 $15 {Weiß hat starke Kontrolle in der
b-Linie, aber das ist alles. Mir erscheint das schwarze Zentrumsübergewicht
wichtiger. Ribli.} 26. Na4 $6 (26. Rb6 Rxb6 27. Qxb6 Qxb6 28. Rxb6 d4 29. Ne4
Nxe4 30. dxe4 Rc2 $17) 26... e4 $1 {Dieser Durchbruch im Zentrum öffnet Linien
und die weiße Königsstellung wird geschwächt. Ribli.} 27. dxe4 dxe4 28. Qxe6
exf3+ 29. exf3 Rxe6 {[%cal Ge6e1,Gc8c1]} 30. Nc3 (30. Kf2 Rc4 31. Nc3 Bc5+ $36)
(30. Kf1 $5) (30. Bb4 {Hjartarson} Bxb4 (30... Nd5 31. Bxf8 Ne3+ 32. Kh3 Kxf8
$11) 31. R7xb4 Nd5 32. Rb8 $11) 30... Rec6 31. Ne2 $2 {Ich kann diesen Zug
nicht verstehen.Warum erlaubt Weiß freiwillig das spätere Eindrigen desTurmes?
Ribli.} (31. R2b3 $1 $11) (31. R2b3 $11 {Hjartarson}) 31... Ba3 $1 {Vielleicht
hat Weiß diesen Läuferzug übersehen. Ribli.} (31... Rc2 32. Nd4 Rxb2 33. Rxb2
$11) 32. R2b3 Rc2 $17 {[%cal Rc2h2,Rc2a2] Der aktive schwarze Turm bringt
große Gefahr für Weiß auf der 2. Reihe. Ribli.} 33. Rxa3 Rxd2 34. Kf1 (34. Kf2
Re8 35. Re3 Rxe3 36. Kxe3 Rxa2 {[%csl Ga6] Schwarz hat einen potentiell sehr
gefährlichen entfernten Freibauern. Ribli.}) 34... Rcc2 (34... Nd5 $5 $36 {
Hjartarson}) 35. Re7 Rxa2 (35... Nd5 $1 $17 {Hjartarson} 36. Re8+ $140 Kh7 37.
Rxa6 $2 Nc7 $19) 36. Rxa2 Rxa2 {[%csl Ga6] Die weiße Stellung ist kritisch in
diesem Endspiel.Die Anwesenheit der Springer erhöht die schwarzen
Gewinnchancen. Ribli.} 37. h4 Nd5 {[%csl Ga2,Gd5,Rf1] Guter Rat ist für Weiß
teuer. Er hat nicht nur einen Bauern weniger, er muß auch noch wegen seiner
schwachen Königsstellung vorsichtig sein. Ribli.} (37... a5 $6 {Hjartarson} 38.
Re5 a4 39. Ra5 a3 40. Nc3 $15 {xNf6}) (37... g6 $5 {Hjartarson}) 38. Re5 Nb4 {
Wegen seiner schlechten Königsstellung kann Weiß nicht aktiv mit dem Springer
spielen. Das harmonische schwarze Zusammenspiel des Turms und Springers sowie
der starke a-Freibauer entscheiden den Kampf. Ribli.} 39. Re8+ Kh7 40. Rf8 a5
$1 {Schwarz opfert Material zurück, aber sein Freibauer ist nicht aufzuhalten.
Ribli.} (40... f6 $6 41. h5 a5 (41... Z0 {Hjartarson} 42. Nf4 {xg6}) 42. Nf4 a4
43. Ng6 $18 {[%cal Rf8h8]}) (40... Kg6 $6 {Hjartarson} 41. Nf4+ Kf6 42. Nh5+
Ke7 43. Rb8 $15) 41. Rxf7 a4 42. Rb7 (42. Nf4 {Hjartarson} a3 $1 43. Ne6 Rb2
44. Rxg7+ Kh8 $19) (42. Nc3 $1 {Hjartarson} Ra3 $1 (42... Ra1+ $6 43. Ke2 a3
44. Rb7 $1 Nc2 (44... a2 45. Rxb4 Re1+ 46. Kxe1 a1=Q+ 47. Kd2 $11) (44... Rc1
45. Rxb4 Rxc3 46. Ra4 Rb3 47. h5 Rb2+ 48. Ke3 a2 49. Ra8 $11) 45. Ra7 $15) 43.
Rc7 (43. Ne4 Ra1+ 44. Ke2 a3 45. h5 Kg8 46. Rb7 Rb1 $19) 43... Ra1+ 44. Ke2 Rc1
$1 45. Rc4 (45. Kd2 Rc2+ $19) 45... Nd5 46. Kd2 Rxc3 47. Rxc3 Nxc3 48. Kxc3 Kg6
49. Kb4 Kf5 50. Kxa4 Ke5 $19) 42... Nd5 43. Nd4 a3 $19 {Die Bauermzahl ist
gleich, aber nicht deren Qualität! Das beste für Weiß wäre noch, wenn er nur
seinen Springer für den Freibauern geben müßte. Ribli.} 44. Ra7 (44. Nf5 Rb2
45. Rxg7+ Kh8 $19 {[%cal Ra3a1]}) 44... Rd2 45. Nb3 (45. Rxa3 Rxd4 $19) 45...
Rb2 {Weiß ist hilflos. Er gab auf. Ribli.} (45... Rb2 46. Rxa3 Ne3+ 47. Ke1 (
47. Kg1 Nc2 $19 (47... Nc4 $2 48. Ra4 $11)) 47... Nc2+ $19 {[%cal Rc2e1,Rc2a3]}
) 0-1

[Event "Gausdal Int"]
[Site "Gausdal"]
[Date "1991.??.??"]
[Round "3"]
[White "Chekhov, Valery A"]
[Black "Dvoirys, Semen I"]
[Result "1/2-1/2"]
[WhiteElo "2525"]
[BlackElo "2525"]
[Annotator "Ribli,Z"]
[PlyCount "84"]
[EventDate "1991.08.??"]
[EventType "swiss"]
[EventRounds "9"]
[EventCountry "NOR"]
[SourceTitle "CBM 025"]
[Source "ChessBase"]
[SourceDate "1991.12.01"]
[SourceVersion "1"]
[SourceVersionDate "1991.12.01"]
[SourceQuality "1"]

1. c4 e5 2. Nc3 Nc6 3. Nf3 Nf6 4. g3 Bb4 5. Bg2 O-O 6. O-O Bxc3 7. dxc3 (7.
bxc3 $5) 7... e4 8. Ng5 Re8 9. Qc2 Qe7 10. Nh3 Qc5 $5 (10... h6 11. Nf4 Qe5 12.
Rd1 Ne7 13. Be3 c5 14. Nd5 $1 Nexd5 15. cxd5 b6 16. c4 $14 {Adorjan,
A-Hjartarson,J Akureyri 1988 45/(27) CBM/8}) 11. Bg5 Ng4 12. Bxe4 h6 13. Bd5
Nce5 $1 (13... hxg5 14. Nxg5 $16) 14. b4 Qf8 15. Bc1 c6 16. Bg2 Nxc4 17. e4 d6
18. Nf4 f5 19. h4 Qf7 20. Rd1 Re5 21. Rd4 Nf6 22. Bf1 b5 23. Bxc4 bxc4 24. Rxd6
Nxe4 25. Rd8+ Re8 26. Rxe8+ Qxe8 27. Ne2 c5 28. f3 Nf6 29. bxc5 Bb7 30. Kf2
Bxf3 $1 31. Kxf3 Qc6+ 32. Kf2 Ng4+ 33. Kg1 Qf3 34. Nd4 Qxg3+ 35. Qg2 Qe1+ 36.
Qf1 Qxc3 37. Ne2 Qxa1 38. Qxf5 Ne5 (38... Qe5 39. Qxg4 Qxc5+ $15) (38... Re8
39. Qxg4 Rxe2 40. Qxc4+ Kh8 41. Qxe2 Qxc1+ 42. Kg2 Qxc5 $15) 39. c6 Nxc6 40.
Qe6+ Kh8 41. Qxc6 Rd8 42. Qxc4 Rd2 1/2-1/2

[Event "New York CITS"]
[Site "New York"]
[Date "1996.??.??"]
[Round "5"]
[White "Serper, Grigory"]
[Black "Kortschnoj, Viktor Lvovich"]
[Result "0-1"]
[WhiteElo "2540"]
[BlackElo "2645"]
[Annotator "Ribli,Z"]
[PlyCount "58"]
[EventDate "1996.03.??"]
[EventType "tourn"]
[EventRounds "11"]
[EventCountry "USA"]
[EventCategory "13"]
[SourceTitle "CBM 052"]
[Source "ChessBase"]
[SourceDate "1996.06.01"]
[SourceVersion "1"]
[SourceVersionDate "1996.06.01"]
[SourceQuality "1"]

1. c4 {Ftacnik} Nf6 2. Nc3 e5 3. Nf3 Nc6 4. g3 Bb4 5. Bg2 O-O 6. O-O Re8 7. Nd5
(7. d3 $5) 7... Bc5 $5 8. d3 Nxd5 (8... h6 9. Rb1 a5 10. Nd2 Ba7 11. a3 d6 12.
b4 axb4 13. axb4 Nd4 14. e3 Ne6 15. Bb2 $14 {Gedevanishvili,D-Handoko,E/Sydney/
1991/CBM23/}) 9. cxd5 Nd4 10. Nd2 (10. Nxd4 Bxd4 (10... exd4) 11. e3 Bb6) 10...
d6 11. e3 Nf5 12. Nc4 (12. Ne4 Bb6 13. Nc3) 12... a5 $5 $146 {Kortschnoj
spielt diese Variante seit Jahrzenten mit beiden Farben gern. Er hat seine
Partien immer sehr gründlich analysiert und natürlich tritt er immer mit einer
neuen Idee hervor.} (12... Ne7 $6 13. Bd2 c6 14. b4 Bb6 15. dxc6 bxc6 16. b5
$14 {Gheorghiu,F-Benko,P/Las Palmas/1972/}) 13. Bd2 a4 (13... b6 14. b3 Ba6 15.
a3) 14. b4 Bb6 (14... axb3 $6 15. axb3 $14 {/\ b4 Weiss besitzt eine starke
Initiative am Damenfluegel und das schwarze Gegenspiel am Koenigsfluegel kommt
verspaetet.} (15. axb3 Rxa1 16. Qxa1 b5 17. Na5 $14)) 15. Na5 $6 {Der
Anziehende will mit diesem Zug die schwarzen Moeglichkeiten am Damenfluegel
begrenzen.} (15. Rc1 Bd7 16. Qc2 $13) 15... Qd7 (15... Bxa5 $2 16. bxa5 $14 {
Weiss steht trotz seiner Doppelbauern auf der a-und d-Linie besser, weil er
das Laeuferpaar besitzt. Er kann bald die b-und c-Linie besetzen und die
schwarzen Damenfluegelbauern sind sehr leicht angreifbar.}) 16. Qc2 (16. Bh3 $2
Qb5) 16... h5 $1 {[#] Ein interessanter Versuch, die Stellung zu verschaerfen.}
17. Rac1 h4 18. Qc4 $2 {Ich verstehe nicht, welcher Plan hinter diesem Zug
steht. Weiss muß schon gut aufpassen.} (18. Nc4 $5 Ba7 19. Na5 Bb6 20. Nc4 $10)
(18. Bh3 Qb5) 18... Qe7 19. Qc2 {Weiss ist bereit zu remisieren, aber was sagt
Kortschnoj dazu?} hxg3 20. hxg3 g6 $1 {[#] Die Initiative ist wichtiger als
ein Bauer.} (20... Bd7 21. Nxb7 g6 22. Na5 $16) 21. Qxa4 (21. Nc4 Ba7 (21...
Kg7 22. Nxb6 cxb6 23. Bc3 Rh8 24. e4 $16) 22. Na3 (22. Qxa4 $2 Nxg3 $1) 22...
Bb6) 21... Kg7 22. Qc2 (22. Rc4 Rh8 23. Rfc1 Qg5 24. Qc2 Qh5 25. Kf1 $13) 22...
Rh8 23. Nc4 Qg5 24. Nxb6 {[#]} (24. Rfe1 Qh5 25. Bc3 Qh2+ 26. Kf1 Rh5 27. Re2 (
27. Nxb6 Nxg3+ 28. fxg3 Rf5+ 29. Ke2 Qxg2+ 30. Kd1 Rf2 $19) (27. Qe2 Nxg3+ 28.
fxg3 Rf5+ 29. Bf3 Rxf3+ 30. Qxf3 Bh3+ $19) 27... Nh4 $1 28. gxh4 Bh3 29. Ke1
Bxg2 $17) 24... Qh5 $1 {[#] Jetzt kommt Schwarz mit vernichtendem Angriff.} 25.
Rfe1 (25. f4 {Ftacnik} Qh2+ 26. Kf2 Qxg3+ 27. Kg1 Qh2+ 28. Kf2 cxb6 $19) (25.
Rfd1 Qh2+ 26. Kf1 Nxg3+ 27. fxg3 Bh3 28. Bxh3 Qxh3+ 29. Kf2 Qf5+ $19) 25...
Qh2+ 26. Kf1 {[#] Wie geht's weiter?} Nxg3+ $1 27. fxg3 Bh3 $1 {Die letzte
Verteidiger wird beseitigt, dem weissen Koenig ist nicht mehr zu helfen.} 28.
Bxh3 (28. Bc3 Qh1+ 29. Ke2 Qxg2+ 30. Kd1 Bg4+ 31. Re2 Rh1+ (31... Rh2 $19) 32.
Be1 cxb6 $19) 28... Qxh3+ 29. Kf2 (29. Ke2 {Ftacnik} Qg4+ 30. Kf2 Rh2+ $19)
29... Qf5+ {Bravo Viktor!} (29... Qf5+ {Ftacnik} 30. Kg2 (30. Ke2 Rh2+ 31. Kd1
Qf3+) 30... Rh2+ 31. Kxh2 Qf2+ 32. Kh3 Rh8+ 33. Kg4 Qf5#) 0-1

[Event "Vikings GM 2nd"]
[Site "York"]
[Date "2000.12.20"]
[Round "8"]
[White "Hodgson, Julian M"]
[Black "Hector, Jonny"]
[Result "1-0"]
[WhiteElo "2640"]
[BlackElo "2509"]
[Annotator "Ribli,Z"]
[PlyCount "83"]
[EventDate "2000.12.13"]
[EventType "tourn"]
[EventRounds "10"]
[EventCountry "ENG"]
[EventCategory "12"]
[SourceTitle "CBM 081"]
[Source "ChessBase"]
[SourceDate "2001.03.20"]
[SourceVersion "1"]
[SourceVersionDate "2001.03.20"]
[SourceQuality "1"]

1. c4 Nf6 2. Nc3 e5 3. Nf3 Nc6 4. g3 d5 {Dieser Zug führt eigentlich zu
Stellungen, die aus der Drachenvariante der Sizilianischen Verteidigung gut
bekannt sind. Die Alternativen sind 4...Bb4 und 4...Nd4.} 5. cxd5 Nxd5 6. Bg2
Nb6 7. Rb1 {Dieser Turmzug ist in letzter Zeit sehr populär, aber
üblicherweise spielt Weiß zuerst 7.0-0 und erst nach 7...Be7 kommt 8.Rb1. Die
Idee des Turmzuges ist natürlich das sofortige b2-b4.} (7. O-O {- 64/(33)})
7... f6 {Schwarz verteidigt den Pe5 und unterbindet damit 8.b4.} (7... Be7 8.
b4 a6 9. a3 O-O 10. O-O Be6 11. d3 f6 12. Ne4 Ba2 13. Rb2 Bd5 14. Nc5 Rb8 15.
e4 Bf7 16. Qc2 $5 $146 (16. Be3 {- 50/32}) 16... Bxc5 17. bxc5 Nc8 $1 18. Be3
N8a7 19. a4 a5 20. Qc3 $1 {0-1 Miezis,N-Tukmakov,V/Biel (open) 1995/Inf 64/
[Tukmakov,V] (41)}) 8. O-O (8. a3 Nd4 9. d3 Bg4 10. O-O $6 (10. Nxd4 $5 exd4
11. Ne4 {/\ b4 Gurevich,M: /\12.b4} Nd5 $6 12. Qb3 f5 13. Ng5 (13. Qxd5 Qxd5
14. Nf6+ gxf6 15. Bxd5 c6 $13) 13... Qe7 14. f3 $16) 10... Qd7 11. Nxd4 exd4
12. Ne4 Nd5 $1 13. Qc2 (13. b4 f5 14. Nc5 Bxc5 15. bxc5 (15. Bxd5 Qxd5 16. bxc5
Bh3) 15... Nc3 16. Qb3 Nxb1 17. Qxb7 O-O 18. Qxb1 Rae8 $17) 13... O-O-O 14. Re1
h5 $5 15. Nc5 $1 Qc6 16. b4 b6 17. Bb2 $1 bxc5 18. Bxd4 h4 $1 {1-0 Gurevich,
M-Kharlov,A/Jugoslavija 1996/Inf 68/[Gurevich,M] (35)}) 8... Bg4 9. a3 (9. d4
$5 Nxd4 10. Nxd4 exd4 11. Nb5 Qd7 $1 12. Qxd4 Qxd4 13. Nxd4 O-O-O 14. h3 $5 Bh5
15. e3 Bf7 16. b3 c5 $1 17. Nb5 a6 18. Nc3 Nd5 $1 19. Nxd5 Bxd5 20. e4 Bc6 21.
Be3 {1/2-1/2 Serper,G-Oratovsky,M/North Bay 74/30 1998/Inf 74/[Serper,G] (24)})
9... Nd4 (9... a5) (9... Be7) 10. e3 Nxf3+ (10... Nc6 $6 11. d4 $14) 11. Bxf3
Bxf3 12. Qxf3 c6 (12... Rb8 13. d4 $14) 13. d4 $1 Bd6 (13... exd4 14. Rd1 $36 (
14. exd4 Be7 (14... Qxd4 15. Re1+ $44 (15. Be3 $44)) 15. Qh5+ g6 16. Qh6 Qd7
$13)) 14. Rd1 (14. dxe5 Bxe5 15. Rd1 Qe7 $11) 14... Qe7 (14... O-O 15. dxe5
fxe5 16. Qg4 $14 {Weiß hat die bessere Bauernstruktur, und der Nc3 findet
einen guten Posten auf e4.}) 15. b4 exd4 $6 {Mit diesem Tausch gibt Schwarz
freiwillig seinen Zentrumsbauern auf e5 auf..} (15... O-O 16. d5 f5 $13) 16.
exd4 $14 O-O 17. d5 Rfd8 (17... Rac8 18. dxc6 Rxc6 19. Nb5 Bb8 20. Be3 $14 {
Bei symmetrischer Bauernverteilung hat Weiß schwache, aber dauerhafte
Initiative.}) (17... cxd5 18. Nxd5 Qe6 (18... Nxd5 $4 19. Qxd5+ $18 {[%cal
Rd5d6,Rd5g8]}) 19. Nxb6 axb6 20. Qxb7 $16) (17... c5 18. bxc5 Bxc5 19. d6 Bxd6
20. Nd5 Qe6 21. Nxb6 axb6 22. Rxb6 Ra6 23. Rdxd6 (23. Qxb7 Rxb6 24. Qxb6 Re8
25. Qxd6 Qxd6 26. Rxd6 Re1+ 27. Kg2 Rxc1 $14) 23... Qe1+ 24. Kg2 Qxc1 25. Qd5+
Kh8 26. Rxb7 $16) 18. dxc6 bxc6 19. Ne4 {[%csl Ge4] Weiß übt positionellen
Druck aus und erfreut sich guten Figurenspiels. In der schwarzen Stellung gibt
es jedoch nur eine echte Schwäche, den Pc6.} (19. Qxc6 $5 Rac8 (19... Qe6 20.
Nb5 $16) 20. Qf3 Nc4 $44 {Schwarz hat zwar aktives Figurenspiel, aber ich
bezweifle, dass diese Kompensation ausreichend ist.}) 19... Bc7 $6 (19... Be5 {
[%csl Ge5]} 20. Be3 $14) 20. Bb2 {[%cal Gb2g7] Nach diesem Zug muss Schwarz
das Opfermotiv auf f6 im Auge behalten.} Be5 {Nun muss Schwarz doch diesen
Läuferzug ausführen - doch jetzt ist der Zug nicht mehr so gut.} (20... Rxd1+
21. Rxd1 Rd8 22. Rc1 $16 {[%csl Rc6]}) 21. Bxe5 Qxe5 22. Nc5 {[%csl Gc5] Der
Nc5 steht ausgezeichnet, der schwarze Pc6 hingegen ist eine "ewige" Schwäche.}
Rxd1+ 23. Rxd1 Nd5 (23... Rc8 $14) 24. Nd3 Qb8 (24... Qd6 25. Nf4 Rd8 26. b5
$16) 25. Rc1 Qd6 (25... Qb7 26. Qg4 Re8 27. Qc4 Rc8 28. b5 $16) 26. b5 $1 {
[%mdl 512] Durch dieses vorübergehende Bauernopfer bekommt Weiß sehr starkes
Figurenspiel. Die Hauptidee des Zuges ist die Schwächung des Springerposten
auf d5.} cxb5 27. Nf4 (27. Nb4 $6 Nb6 $15) 27... Nb6 (27... Rd8 28. Rd1 $18) (
27... Nc7 28. Rxc7 $18) 28. Rc6 $44 Qd8 {Die Dame muss den Turm - für den Fall
von von Rxb6 - verteidigen.} 29. Ne6 {[%csl Gc6,Ge6]} (29. Qb3+ Nc4 30. Qxb5
Ne5 $11) 29... Qd5 (29... Qe8 30. Nxg7 $1 Kxg7 31. Qxf6+ Kg8 32. Rc5 {[%csl
Rg8]} Qe1+ (32... h6 33. Qxh6 Qe1+ 34. Kg2 $18) 33. Kg2 $18) 30. Qg4 (30. Qxd5
Nxd5 31. Rc5 Nb6 32. Rxb5 Kf7 $11) 30... g6 (30... g5 31. Rc7 $18) 31. Rc7 {
[%csl Gc7,Ge6,Gg4]} (31. Rc5 Qd2 $13 (31... Qd6 $13)) 31... Re8 32. Rg7+ Kh8
33. Qh4 h5 $2 {[%mdl 8192]} (33... Qd1+ $1 34. Kg2 Qd5+ $11 {Weiß darf nicht
35.Kh3 spielen, denn dann hängt der Ne6 mit Schach.}) {[#]} 34. Re7 $1 $16 Qxe6
{Schwarz hat nichts besseres, er muss die Dame geben.} (34... Qd1+ 35. Kg2 Qd5+
36. f3 $16) (34... Rxe7 35. Qxf6+ $18) 35. Rxe6 Rxe6 36. Qf4 {[%csl Rh8][%cal
Rf4h6,Rf4b8]} Kg7 37. Qc7+ Kh6 38. Qf7 {Die weiße Dame ist viel wertvoller als
R+N+P zusammen.} (38. Qxa7 $16) 38... Re1+ (38... Rc6 39. Qxa7 $16) 39. Kg2 Kg5
40. Qxa7 Nc4 41. a4 $18 (41. Qc5+ Kh6 42. Qxb5 Nxa3 43. Qb4 $18) 41... Re6 (
41... bxa4 42. Qc5+ Ne5 43. f4+ $18) 42. Qd7 (42. Qd7 Rb6 43. a5 $18) 1-0